Roman law : (Record no. 5553)
[ view plain ]
| 000 -LEADER | |
|---|---|
| fixed length control field | 00862cam a2200301 4500 |
| 001 - CONTROL NUMBER | |
| control field | 5553 |
| 003 - CONTROL NUMBER IDENTIFIER | |
| rucl marc code | BD-RjUL |
| 005 - DATE AND TIME OF LATEST TRANSACTION | |
| control field | 20211208234103.0 |
| 008 - FIXED-LENGTH DATA ELEMENTS--GENERAL INFORMATION | |
| fixed length control field | 131226s1969 stk 001 0 eng |
| 020 ## - INTERNATIONAL STANDARD BOOK NUMBER | |
| International Standard Book Number | 0852240511 |
| 035 ## - SYSTEM CONTROL NUMBER | |
| System control number | (BD-RjUL)5589 |
| 040 ## - CATALOGING SOURCE | |
| Original cataloging agency | DLC |
| Transcribing agency | DLC |
| Modifying agency | DLC |
| -- | BD-RjUL |
| Language of cataloging | eng |
| 041 ## - LANGUAGE CODE | |
| Language code of text/sound track or separate title | eng |
| 082 00 - DEWEY DECIMAL CLASSIFICATION NUMBER | |
| Classification number | 340.54 |
| Author mark and year | DAR 1969 |
| 100 1# - MAIN ENTRY--PERSONAL NAME | |
| Personal name | Daube, David. |
| 9 (RLIN) | 17391 |
| 245 10 - TITLE STATEMENT | |
| Title | Roman law : |
| Remainder of title | linguistic, social and philosophical aspects / |
| Statement of responsibility, etc. | David Daube. |
| 260 ## - PUBLICATION, DISTRIBUTION, ETC. (IMPRINT) | |
| Place of publication, distribution, etc. | Edinburgh ; |
| Name of publisher, distributor, etc. | Edinburgh U.P.; |
| Place of publication, distribution, etc. | Chicago : |
| Name of publisher, distributor, etc. | Aldine Pub. Co., |
| Date of publication, distribution, etc. | 1969. |
| 300 ## - PHYSICAL DESCRIPTION | |
| Pagination | [8], 205 p. ; |
| Size | 21 cm. |
| 350 ## - PRICE (NR) (BK AM CF MU VM SE) [OBSOLETE] | |
| Price | 45/- |
| 490 1# - SERIES STATEMENT | |
| Series statement | The Gray lectures, 1966 [i.e. 1966-7] |
| 504 ## - BIBLIOGRAPHY, ETC. NOTE | |
| Bibliography, etc | Includes index. |
| 650 #0 - SUBJECT ADDED ENTRY--TOPICAL TERM | |
| Topical term or geographic name as entry element | Roman law. |
| 9 (RLIN) | 17392 |
| 830 #4 - SERIES ADDED ENTRY--UNIFORM TITLE | |
| Volume number/sequential designation | 1966-7. |
| Uniform title | The J.H. Gray lectures, |
| 942 ## - ADDED ENTRY ELEMENTS (KOHA) | |
| Source of classification or shelving scheme | Dewey Decimal Classification |
| Koha item type | Books |
| Lost status | Source of classification or shelving scheme | Damaged status | Not for loan | Collection code | Permanent Location | Current Location | Shelving location | Date acquired | Source of acquisition | Cost, normal purchase price | Total Checkouts | Full call number | Date last seen | Copy number | Koha item type |
|---|---|---|---|---|---|---|---|---|---|---|---|---|---|---|---|
| Dewey Decimal Classification | Not For Loan | Non-fiction | Central Library, University of Rajshahi | Central Library, University of Rajshahi | 19/01/1970 | Zeit. | 0.45 | 340.54 DAR 1969 | 26/12/2013 | C-1 | Books | ||||
| Dewey Decimal Classification | Non-fiction | Central Library, University of Rajshahi | Central Library, University of Rajshahi | 08/07/1970 | Sweets & Zeetlinger | 45.00 | 340.54 DAR 1969 | 04/08/2016 | C-3 | Books | |||||
| Dewey Decimal Classification | Non-fiction | Central Library, University of Rajshahi | Central Library, University of Rajshahi | 08/07/1970 | Sweets & Zeetlinger | 45.00 | 340.54 DAR 1969 | 04/08/2016 | C-4 | Books | |||||
| Dewey Decimal Classification | Non-fiction | Central Library, University of Rajshahi | Central Library, University of Rajshahi | 08/07/1970 | Sweets & Zeetlinger | 45.00 | 340.54 DAR 1969 | 04/08/2016 | C-5 | Books | |||||
| Dewey Decimal Classification | Non-fiction | Central Library, University of Rajshahi | Central Library, University of Rajshahi | 08/07/1970 | Sweets & Zeetlinger | 45.00 | 340.54 DAR 1969 | 04/08/2016 | C-6 | Books |